Départements avec la plus Petite Population - Statistiques

Statistiques générales
  • Ce quiz a été pris 74 fois
  • Le résultat moyen est 6 sur 10
Statistiques - réponses
# Département % Correct
115,702 Creuse
94%
76,519 Lozère
76%
144,226 Cantal
67%
139,654 Territoire de Belfort
67%
140,976 Hautes-Alpes
61%
154,596 Ariège
55%
174,942 Lot
55%
166,077 Alpes-de-Haute-Provence
48%
162,942 Corse-du-Sud
48%
171,042 Haute-Marne
31%
Aucun quiz correspondant
Distribution des résultats
% des personnes avec chaque résultat
Percentile par nombre de réponses
Votre historique - résultats
Vous n’avez pas pris ce quiz